| 000 | 00652nam a22002057a 4500 | ||
|---|---|---|---|
| 003 | OSt | ||
| 005 | 20251210041504.0 | ||
| 008 | 251210b |||||||| |||| 00| 0 eng d | ||
| 020 | _a9718581545 | ||
| 040 |
_aDWCL - Main _cOC |
||
| 082 | _aProf. 371.27 B214 2003 | ||
| 100 |
_aBandiola, Expeditha J. _eAuthor |
||
| 245 |
_aAssessing student learning / _cExpeditha J. Bandiola |
||
| 260 |
_aQuezon City, Philippines: _bGreat Books Trading, _cc2003. |
||
| 504 | _aIncludes bibliography. | ||
| 650 | _a1. Educational evaluation. | ||
| 650 | _a2. Educational test and measurements. | ||
| 700 |
_aI. Bhagwani, Ernie T. _eEditor |
||
| 942 |
_2ddc _cPROF. _n0 |
||
| 999 |
_c7012 _d7012 |
||